000 00430nam a2200181Ia 4500
001 12799
005 20260306163007.0
008 260306t2006||||xx |||||||||||||| ||spa||
041 _aESP
082 _aRD 330.03
_bZ87
100 _aZorrilla Arena, Santiago
_eAUT
245 0 _aDiccionario de economía
260 _c2006
300 _a322 páginas :
_c15 cm.
650 _aGEN
654 _aCAN
942 _cDIC
_dJUS
_fJUS
_2ddc
_n
999 _c12799
_d12799